| 000 | 00484nam a22001577a 4500 | ||
|---|---|---|---|
| 003 | SISC | ||
| 005 | 20161005104505.0 | ||
| 008 | 161005b xxu||||| |||| 00| 0 eng d | ||
| 020 | _a9781682852583 | ||
| 050 |
_aT 58.64 _b.In43 2016 |
||
| 245 |
_aInformation technology management / _cedited by May Sanders. |
||
| 260 |
_aNew York : _bWillford Press, _c2016. |
||
| 300 |
_avii, 264 pages : _billustrations ; _c28 cm. |
||
| 500 | _aIncludes bibliographical references. | ||
| 942 |
_2lcc _cBK |
||
| 999 |
_c305149 _d305149 |
||